|
|
|
|
| LEADER |
00000nam0a2200000 4500 |
| 001 |
250234 |
| 005 |
20231101232538.0 |
| 010 |
|
|
|a 525000654X
|
| 020 |
|
|
|a RU
|b 89-11136
|
| 035 |
|
|
|a (RuTPU)RU\TPU\book\272412
|
| 090 |
|
|
|a 250234
|
| 100 |
|
|
|a 20140212d1989 m y0rusy5003 ca
|
| 101 |
0 |
|
|a rus
|
| 102 |
|
|
|a RU
|
| 105 |
|
|
|a y z 000zy
|
| 200 |
1 |
|
|a Стиль, который нужен сегодня
|e сборник статей
|
| 210 |
|
|
|a Москва
|c Политиздат
|d 1989
|
| 215 |
|
|
|a 351,[1] с.
|
| 606 |
1 |
|
|a Стратегия и тактика КПСС
|2 stltpush
|3 (RuTPU)RU\TPU\subj\57190
|9 75053
|
| 610 |
1 |
|
|a партийные организации
|
| 610 |
1 |
|
|a ленинский стиль
|
| 610 |
1 |
|
|a партийная работа
|
| 610 |
1 |
|
|a стили управления
|
| 610 |
1 |
|
|a демократия
|
| 610 |
1 |
|
|a перестройка
|
| 610 |
1 |
|
|a КПСС
|
| 686 |
|
|
|a Ф61(2)4
|2 rubbk
|
| 801 |
|
0 |
|a RU
|b RuMRKP
|c 19950417
|g psbo
|
| 801 |
|
1 |
|a RU
|b 63413507
|c 20140212
|
| 801 |
|
2 |
|a RU
|b 63413507
|c 20140219
|g RCR
|
| 942 |
|
|
|c BK
|